000166416 001__ 166416
000166416 005__ 20260121131120.0
000166416 037__ $$aTAZ-TFG-2025-4521
000166416 041__ $$aspa
000166416 1001_ $$aCherifi Medjouti, Sabrina
000166416 24200 $$aWork attachment and occupational stress in the hostelry sector
000166416 24500 $$aEl apego al trabajo y el estrés laboral en el sector de la hostelería
000166416 260__ $$aZaragoza$$bUniversidad de Zaragoza$$c2025
000166416 506__ $$aby-nc-sa$$bCreative Commons$$c3.0$$uhttp://creativecommons.org/licenses/by-nc-sa/3.0/
000166416 520__ $$aEl estrés laboral constituye uno de los principales desafíos para la salud y bienestar de la población trabajadora, afectando tanto al rendimiento, como a la calidad de vida de las personas. En este contexto, los estilos de apego juegan un papel muy relevante al influir en la manera de percibir y afrontar las situaciones estresantes en el trabajo. El presente estudio analiza la relación entre los estilos de apego y el estrés laboral en el sector de la hostelería en Aragón. Se recogieron datos de 45 personas trabajadoras en el sector de la hostelería mediante un cuestionario que evaluaba información sociodemográfica, laboral, estrés laboral y apego al trabajo. Los resultados muestran que los estilos de apego inseguros (ansioso y evitativo) se relacionan con una mayor exposición a riesgos psicosociales en comparación al estilo de apego seguro, lo que resalta la necesidad de seguir explorando esta línea de investigación.<br /><br />
000166416 521__ $$aGraduado en Relaciones Laborales y Recursos Humanos
000166416 540__ $$aDerechos regulados por licencia Creative Commons
000166416 691__ $$a3
000166416 692__ $$a El presente estudio nos permite conocer el estrés laboral que sufren muchos camareros y camareras de Aragón en relación con sus estilos de apego, lo que resulta fundamental para mejorar la salud y el bienestar de los trabajadores y trabajadoras del sector. 
000166416 700__ $$aFernández del Río, Elena$$edir.
000166416 7102_ $$aUniversidad de Zaragoza$$bPsicología y Sociología$$cPsicología Social
000166416 8560_ $$f839400@celes.unizar.es
000166416 8564_ $$s577344$$uhttps://zaguan.unizar.es/record/166416/files/TAZ-TFG-2025-4521.pdf$$yMemoria (spa)
000166416 909CO $$ooai:zaguan.unizar.es:166416$$pdriver$$ptrabajos-fin-grado
000166416 950__ $$a
000166416 951__ $$adeposita:2026-01-21
000166416 980__ $$aTAZ$$bTFG$$cSOCIZ
000166416 999__ $$a20250923144951.CREATION_DATE